Galán, valiente y discreto

שמור ב:
מידע ביבליוגרפי
מחבר ראשי: Mira de Amescua, Antonio (autor)
פורמט: ספר
שפה:ספרדית
יצא לאור: Zaragoza Ebro 1969
סדרה:Biblioteca Clásica Ebro. Clásicos Españoles, 110
נושאים:
תגים: הוספת תג
אין תגיות, היה/י הראשונ/ה לתייג את הרשומה!

MARC

LEADER 00000nam a2200000 a 4500
001 UCQ6167
003 CL-VaPUC
008 981009e19690000SP |||||||||||||||||spa|d
082 0 4 |a 862  |b MIR  |2 21 
100 |a Mira de Amescua, Antonio  |e autor  |9 420083 
245 1 0 |a Galán, valiente y discreto 
300 |a 118 p 
942 |c BK 
945 |d 19981009 00:00:00  |a crobeson 
260 |a Zaragoza  |b Ebro  |c 1969 
650 0 |a Dramas españoles  |9 267081 
650 0 |a Literatura española  |9 306261 
583 |a last modification  |c 19981009 00:00:00  |k Rodrigo Vera 
490 0 |a Biblioteca Clásica Ebro. Clásicos Españoles, 110 
999 |c 276169  |d 276167 
952 |0 0  |1 0  |4 0  |6 862_000000000000000_MIR_1969  |7 0  |8 A  |9 313306  |a BIBEDU  |b BIBEDU  |d 2019-11-20  |i 1476521  |o 862 MIR 1969  |p 1476521  |r 2019-11-20  |w 2019-11-20  |y BK  |k LIT